Archivmaterialien zu Hannes Bahrmann, 1952-2024

Saved in:  
Bibliographic Details
Main Author: Bahrmann, Hannes 1952-2024 (Author)
Format: Electronic Archival Collections
Language:German
In:Year: 2019
Online Access: Archivdatenbank (Archivportal-D)
Check availability: HBZ Gateway

MARC

LEADER 00000npc a22000002 4500
001 LR121377628
003 PipeLineGenerated
005 20260508112529.0
008 190606s2019 xx ||||| 00| ||ger c
100 |a Bahrmann, Hannes  |0 (DE-588)121377628  |0 (DE-627)081267851  |d 1952-2024 
245 |a Archivmaterialien zu Hannes Bahrmann, 1952-2024 
856 |u https://www.archivportal-d.de/person/gnd/121377628  |3 Archivdatenbank (Archivportal-D) 
ELC |a 1